Une légende du Football par pays - Statistiques

Statistiques générales
  • Ce quiz a été pris 99 fois
  • Le résultat moyen est 32 sur 69
Statistiques - réponses
Pays Joueur Club % Correct
Pays-Bas Johan Cruyff Ajax Amsterdam
90%
France Zinédine Zidane Real Madrid
89%
Suède Zlatan Ibrahimović AC Milan
78%
Côte d'Ivoire Didier Drogba Chelsea FC
77%
Portugal Cristiano Ronaldo Real Madrid
72%
Argentine Lionel Messi FC Barcelone
72%
Algérie Riyad Mahrez Manchester City
72%
Cameroun Samuel Eto'o FC Barcelone
72%
Uruguay Luis Suárez FC Barcelone
70%
Belgique Eden Hazard Chelsea FC
68%
Brésil Pelé Santos
68%
Égypte Mohamed Salah Liverpool FC
67%
Libéria George Weah AC Milan
65%
Pologne Robert Lewandowski FC Bayern Munich
64%
Gabon Pierre-Emerick Aubameyang Arsenal FC
63%
Colombie James Rodríguez Real Madrid
60%
Costa-Rica Keylor Navas Real Madrid
60%
Sénégal Sadio Mané Liverpool FC
60%
Espagne Andrés Iniesta FC Barcelone
59%
Bosnie-Herzégovine Edin Džeko Manchester City
59%
Chili Arturo Vidal Juventus Turin
57%
Italie Gianluigi Buffon Juventus Turin
57%
Ukraine Andriy Shevchenko AC Milan
56%
Angleterre Steven Gerrard Liverpool FC
56%
Hongrie Ferenc Puskás Real Madrid
54%
Corée du Sud Ji-Sung Park Manchester United
54%
Allemagne Manuel Neuer FC Bayern Munich
54%
Ghana Michael Essien Chelsea FC
54%
Pays de Galles Ryan Giggs Manchester United
54%
Autriche David Alaba Real Madrid
53%
Slovénie Jan Oblak Atlético Madrid
53%
Nigeria Jay-Jay Okocha Paris Saint-Germain
52%
Irlande du Nord George Best Manchester United
49%
Arménie Henrikh Mkhitaryan Inter Milan
49%
Guinée Naby Keïta Liverpool FC
49%
République Tchèque Petr Čech Chelsea FC
49%
Mali Seydou Keita FC Barcelone
49%
Roumanie Gheorghe Hagi FC Barcelone
48%
Irlande Roy Keane Manchester United
48%
Russie Andriy Arshavin Arsenal FC
46%
Équateur Antonio Valencia Manchester United
44%
Togo Emmanuel Adebayor Manchester City
44%
Mexique Hugo Sánchez Real Madrid
44%
Serbie Nemanja Vidić Manchester United
44%
Danemark Peter Schmeichel Manchester United
44%
Slovaquie Marek Hamšík SSC Napoli
43%
Maroc Mehdi Benatia Juventus Turin
41%
République Centrafricaine Geoffrey Kondogbia Atlético Madrid
40%
Japon Keisuke Honda AC Milan
37%
Norvège Ole Gunnar Solskjær Manchester United
36%
Croatie Davor Šuker Real Madrid
35%
Monténégro Stefan Savić Atlético Madrid
33%
Bulgarie Hristo Stoichkov FC Barcelone
32%
Australie Tim Cahill Everton FC
32%
Écosse Kenny Dalglish Liverpool FC
30%
Islande Gylfi Sigurðsson Everton FC
25%
Finlande Jari Litmanen Ajax Amsterdam
25%
Macédoine du Nord Goran Pandev Inter Milan
23%
Etats-Unis London Donovan FC Bayern Munich
23%
Paraguay José-Luis Chilavert RC Strasbourg
15%
Afrique du Sud Siphiwe Tshabalala Mamelodi Sundowns
15%
Turquie Hakan Şükür Galatasaray SK
10%
Arabie Saoudite Saeed Al-Owairan Al-Shabab
10%
Kenya Victor Wenyama Tottenham Hotspur
6%
Grèce Angelos Charisteas Werder Bremen
5%
Suisse Stephan Lichsteiner Arsenal FC
5%
Tchad Japhet N'Doram FC Nantes
4%
Iran Ali Daei FC Bayern Munich
2%
Salvador Mágico González Cadix CF
1%
Aucun quiz correspondant
Distribution des résultats
% des personnes avec chaque résultat
Percentile par nombre de réponses
Votre historique - résultats
Vous n’avez pas pris ce quiz